Sebök, Marcell. Humanista a határon. - Budapest : L'Harmattan. - 2007 [Rezension]
| Titel: | Sebök, Marcell. Humanista a határon. - Budapest : L'Harmattan. - 2007 [Rezension] |
|---|---|
| Verfasser: | |
| In: |
East central Europe, Band 37, Heft 2/3 (2010), Seite 381-382 alle Artikel anzeigen |
| Veröffentlicht: | 2010 |
| Format: | Aufsatz |
| Sprache: | Englisch |
| Hinweise zum Inhalt: |
zusätzliche Angaben
|
X
alg: 39493348 001A $01999:12-11-16 001B $01999:04-08-21 $t20:59:42.000 001D $01999:12-11-16 001U $0utf8 001X $00 002@ $0Aox 003@ $0394933486 007A $0394933486 $aHEB 007T $0Herdc0082530m 009P $A2 $3zusätzliche Angaben $uhttp://dx.doi.org/10.1163/187633010X535198 010@ $aeng 011@ $a2010 021A $aSebök, Marcell. Humanista a határon. - Budapest : L'Harmattan. - 2007 [Rezension] 028A $aKármán $dGábor 031A $d37 $e2/3 $h381-382 $j2010 039B $aIn $8--Abvc--. East central Europe. - Leiden : Brill, 1974-. - ISSN 0094-3037 $x201000000370002619 $9047226099 039T $8--Aax--Sebök, Marcell. Humanista a határon. - Budapest : L'Harmattan, 2007. - 398 S.. - ISBN 978-963-236-000-3 $9395341434 045F $a900.9439 $eDDC23BSB 045F/01 $a900 045F/03 $g439 045F/03 $g4373 045T $a7,41 lok: 39493348 78 exp: 39493348 78 1 #EPN 201B/01 $018-11-16 $t13:11:16.000 201U/01 $0utf8 203@/01 $0791232069 208@/01 $a12-11-16 $be 209A/01 $a/ $f000 $x00 220C/01 $aTitelaufnehmer: pg 220C/01 $aHerkunft: HI Marburg 244Z/01 $2Trx $#Ungari $#Vengrija $#Ungārija $#Ungarn $#Hungary $#Węgry $#Maďarsko $#Maďarsko $#Uhorsko $#Uhersko;Uhry $8--Trx--Magyarország $x01 $9391197150 244Z/01 $2Trx $#Slowakische Republik $#Szlovák Köztársaság $#Republika Słowacka $#Slovenská Republika $#Slovensko $#Slowakei $#Słowacja $#Slovensko $8--Trx--Slovenská Republika $x02 $9391345796 244Z/01 $2Trx $#arvustused $#recenzijos $#Reviews $#recenziók $#recenzje $#recenzie $#recenze $8--Trx--Rezensionen $x03 $9391357441 244Z/01 $2Trx $8--Trx--elektronische Ressource $x04 $939138452X 247C/01 $82080>Marburg/Lahn, Herder-Institut, Forschungsbibliothek, Bibliographieportal $9336309341
| LEADER | 00000caa a22000002c 4500 | ||
|---|---|---|---|
| 001 | 394933486 | ||
| 003 | DE-603 | ||
| 005 | 20210804205942.0 | ||
| 007 | tu | ||
| 008 | 161112s2010 xx |||| | u00||u|eng c | ||
| 035 | |a (DE-599)HEB394933486 | ||
| 040 | |a DE-603 |b ger |c DE-603 |d DE-603 | ||
| 041 | |a eng | ||
| 082 | 0 | 4 | |8 1\u |a 900.9439 |q DE-101 |2 23/BSB |
| 084 | |a 7,41 |2 ssgn | ||
| 085 | |8 1\u |b 900 | ||
| 085 | |8 1\u |z 2 |s 439 | ||
| 085 | |8 1\u |z 2 |s 4373 | ||
| 100 | 1 | |a Kármán, Gábor | |
| 245 | 0 | 0 | |a Sebök, Marcell. Humanista a határon. - Budapest : L'Harmattan. - 2007 [Rezension] |
| 264 | 0 | |c 2010 | |
| 773 | 0 | 8 | |i In |t East central Europe |d Leiden : Brill, 1974- |h 24 cm |x 0094-3037 |g Band 37, Heft 2/3 (2010), Seite 381-382 |w (DE-603)047226099 |w (DE-600)190826-1 |
| 787 | 0 | 8 | |i Rezension von |a Sebök, Marcell |t Humanista a határon |d Budapest : L'Harmattan, 2007 |h 398 S. |z 9789632360003 |w (DE-603)395341434 |
| 856 | 4 | 2 | |u http://dx.doi.org/10.1163/187633010X535198 |3 zusätzliche Angaben |
| 924 | 0 | |9 2080 |a (DE-603)791232069 |b DE-2080 |c HES |d d |g / | |


